All 50k+ Cities in Bulgaria with a Map - Statistics

General Stats
  • This quiz has been taken 4,454 times
    4,139 since last reset
  • The average score is 10 of 17
Answers on the Map
Answers color-coded by a green-red scale on the quiz's map according to % correct below.
 
Answer Stats
Population City % Correct
1,221,785 Sofia
100%
332,394 Varna
93%
342,048 Plovdiv
89%
198,593 Burgas
86%
135,440 Ruse
72%
125,732 Stara Zagora
62%
91,119 Pleven
58%
80,936 Dobrich
52%
68,179 Blagoevgrad
51%
71,504 Pernik
51%
66,103 Veliko Tarnovo
51%
72,997 Shumen
49%
83,371 Sliven
48%
68,298 Haskovo
43%
51,020 Vratsa
42%
64,435 Yambol
42%
66,690 Pazardzhik
37%
No matching quizzes found
Score Distribution
Percent of People with Each Score
Percentile by Number Answered
Your Score History
You have not taken this quiz since the last reset